The little SAS book for Enterprise Guide 4.1

Αποθηκεύτηκε σε:
Λεπτομέρειες βιβλιογραφικής εγγραφής
Κύριος συγγραφέας: Slaughter, Susan J.
Μορφή: Βιβλίο
Γλώσσα:English
Δημοσίευση: Cary, N.C. : SAS Institute, c2006
Θέματα:
Ετικέτες: Προσθήκη ετικέτας
Δεν υπάρχουν, Καταχωρήστε ετικέτα πρώτοι!

MARC

LEADER 00000cam a2200000 i 4500
001 1/63485
008 071119s2006 eng d
020 |a 978-1-59994-089-2 
020 |a 1-59994-089-2 
035 |l 10092375 
040 |a GR-MY-UA  |b gre  |e aacr 
041 0 |a eng 
082 0 |a 519.50285  |2 (22) 
100 1 |a Slaughter, Susan J. 
245 1 4 |a The little SAS book for Enterprise Guide 4.1 /  |c Susan J. Slaughter and Lora D. Delwiche 
260 |a Cary, N.C. :   |b SAS Institute,   |c c2006 
300 |a xiv, 388 σ.;  |b εικ.;  |c 22 εκ. 
504 |a Περιέχει ευρετήριο. 
630 0 0 |a SAS (Computer file) 
630 0 0 |a Enterprise guide. 
650 0 0 |a Mathematical statistics  |x Data processing. 
650 0 0 |a Business  |x Data processing. 
852 |a INST  |b SAMOS  |e 20071119  |h 519.50285 SLA  |p 005300027760  |q 005300027760  |t BK  |y 0 
852 |a INST  |b SAMOS  |e 20071119  |h 519.50285 SLA  |p 005300027763  |q 005300027763  |t BK  |y 0 
852 |a INST  |b SAMOS  |e 20071119  |h 519.50285 SLA  |p 005300027764  |q 005300027764  |t BK  |y 0 
852 |a INST  |b SAMOS  |e 20071119  |h 519.50285 SLA  |p 005300027765  |q 005300027765  |t BK  |y 0 
852 |a INST  |b SAMOS  |e 20071119  |h 519.50285 SLA  |p 005300027767  |q 005300027767  |t BK  |y 0 
852 |a INST  |b SAMOS  |e 20071119  |h 519.50285 SLA  |p 005300027768  |q 005300027768  |t BK  |y 23 
901 |a BIBL3-2007-3 
909 |a Σ  |b 134230 
909 |a Σ  |b 134231 
909 |a Σ  |b 134232 
909 |a Σ  |b 134233 
909 |a Σ  |b 134234 
909 |a Σ  |b 134235 
970 |a ΣΙΤΖΙΜΗ  |b ΓΙΑΣΕΜΗ  |z 2007/11/19